[Event "XXII Weekend A"]
[Site "Robecchetto con Induno ITA"]
[Date "2011.12.28"]
[Round "2"]
[White "Moroni, Luca jr"]
[Black "Rambaldi, Francesco"]
[WhiteElo "2030"]
[BlackElo "2211"]
[Result "0-1"]
[PlyCount "172"]
[EventDate "2011.12.27"]

1. e4 c5 2. Nf3 e6 3. d4 cxd4 4. Nxd4 a6 5. Nc3 Qc7 6. Be2 b5 7. a3 Bb7 8. f4
Bc5 9. Be3 Nf6 10. Bf3 d6 11. Qd2 O-O 12. O-O Nbd7 13. Kh1 Nb6 14. Bg1 Nc4 15.
Qc1 Rac8 16. Nde2 Bxg1 17. Rxg1 Rfd8 18. b3 Nb6 19. Qe3 Qc5 20. Qxc5 dxc5 21.
e5 Bxf3 22. gxf3 Nfd5 23. Ne4 Ne3 24. Rac1 Kf8 25. N2g3 g6 26. Nd6 Rc6 27. c4
bxc4 28. bxc4 Nc8 29. Nge4 Nxd6 30. Nxd6 Rb8 31. Rc3 Nf5 32. Nxf5 gxf5 33. Rd1
Rcb6 34. Rcd3 Rb1 35. Rxb1 Rxb1+ 36. Kg2 Rc1 37. Rd6 Rxc4 38. Rxa6 Rxf4 39. a4
c4 40. Rc6 c3 41. a5 Ra4 42. Rxc3 Rxa5 43. f4 Ra4 44. Kf3 Kg7 45. Rc6 Kg6 46.
h3 Ra8 47. Rc7 Ra3+ 48. Kg2 Ra8 49. Kg3 Rg8 50. Kh4 Rg7 51. Re7 Rg8 52. Rd7 Rc8
53. Kg3 Rc4 54. Rb7 Rc1 55. Kg2 Rc3 56. Rd7 Rb3 57. Rc7 Rb8 58. Kg3 Rg8 59. Kh4
Ra8 60. Kg3 Ra6 61. Rb7 Ra1 62. Kg2 Ra3 63. Rc7 Ra8 64. Kg3 Ra3+ 65. Kg2 h6 66.
Rb7 Rc3 67. Ra7 Kg7 68. Rb7 Kf8 69. Rb8+ Kg7 70. Rb7 Kg6 71. Ra7 Rb3 72. Rc7
Rb8 73. Kg3 Rf8 74. Ra7 Kh5 75. Kh2 Kh4 76. Rb7 h5 77. Re7 Ra8 78. Rxf7 Ra2+
79. Kg1 Kg3 80. Kf1 Kxf4 81. Rh7 Kxe5 82. Rxh5 Kf4 83. Rh4+ Kf3 84. Ke1 e5 85.
Rh5 Ke4 86. Rg5 f4 0-1

[Event "XXII Weekend A"]
[Site "Robecchetto con Induno ITA"]
[Date "2011.12.28"]
[Round "2"]
[White "Raselli, Claudio"]
[Black "Barlocco, Carlo"]
[WhiteElo "1895"]
[BlackElo "2102"]
[Result "1-0"]
[PlyCount "99"]
[EventDate "2011.12.27"]

1. e4 Nf6 2. e5 Nd5 3. d4 d6 4. c4 Nb6 5. exd6 exd6 6. Nc3 Be7 7. Bd3 O-O 8.
Nge2 Nc6 9. b3 Bf6 10. Be3 Re8 11. O-O Bg4 12. Qd2 Bh5 13. Rac1 Bg6 14. Bxg6
hxg6 15. Nf4 Ne7 16. Ne4 Nf5 17. Nxf6+ Qxf6 18. Rfe1 c6 19. d5 c5 20. Nh3 Nxe3
21. Rxe3 Re5 22. Rxe5 Qxe5 23. Re1 Qf5 24. f3 Nd7 25. Qf4 Qxf4 26. Nxf4 Kf8 27.
Nd3 a6 28. Nf2 Nf6 29. Ne4 Ne8 30. Kf2 b5 31. Nc3 bxc4 32. bxc4 Rb8 33. Rb1 Rb4
34. Rxb4 cxb4 35. Na4 Nf6 36. Ke3 Ke7 37. Kd4 Nd7 38. c5 a5 39. c6 Nf6 40. Nb6
Ne8 41. Kc4 Nc7 42. Nc8+ Kf6 43. Nxd6 a4 44. Ne4+ Ke5 45. d6 b3 46. axb3 a3 47.
dxc7 a2 48. c8=Q a1=Q 49. Qc7+ Ke6 50. Qd6+ 1-0

[Event "XXII Weekend A"]
[Site "Robecchetto con Induno ITA"]
[Date "2011.12.28"]
[Round "2"]
[White "Razzano, Lorenzo"]
[Black "Grattarola, Fabio"]
[WhiteElo "1964"]
[BlackElo "2037"]
[Result "0-1"]
[PlyCount "56"]
[EventDate "2011.12.27"]

1. e4 d5 2. Nc3 c6 3. Qf3 e6 4. e5 Nd7 5. Qg3 Nh6 6. Nf3 Nf5 7. Qf4 f6 8. d4 g5
9. Qd2 g4 10. Ng1 Bh6 11. Qd1 Bxc1 12. Rxc1 Qb6 13. Qxg4 Qxb2 14. Nge2 fxe5 15.
Qh5+ Kd8 16. Qg5+ Kc7 17. dxe5 h6 18. Qf4 Rf8 19. g4 Nh4 20. Qxh6 Nf3+ 21. Kd1
Nfxe5 22. Qxe6 Rf6 23. Qe7 Qb6 24. Bg2 Nxg4 25. Rf1 Rxf2 26. Rxf2 Qxf2 27. Bh3
Ne3+ 28. Kd2 Nc4+ 0-1

[Event "XXII Weekend A"]
[Site "Robecchetto con Induno ITA"]
[Date "2011.12.28"]
[Round "2"]
[White "Sibille, Ettore"]
[Black "Piazza, Angelo"]
[WhiteElo "2042"]
[BlackElo "1972"]
[Result "0-1"]
[PlyCount "74"]
[EventDate "2011.12.27"]

1. e4 Nf6 2. e5 Nd5 3. c4 Nb6 4. d4 d6 5. exd6 exd6 6. Bd3 Nc6 7. Ne2 Bg4 8. f3
Bh5 9. O-O Bg6 10. b3 Be7 11. Bb2 Bf6 12. f4 Bxd3 13. Qxd3 Qe7 14. Nbc3 Nb4 15.
Qd2 O-O 16. a3 Nc6 17. Rae1 Rfe8 18. Nd1 Qd8 19. Ng3 Rxe1 20. Rxe1 Bh4 21. d5
Ne7 22. Re3 Ng6 23. Nh5 Bf6 24. Bxf6 gxf6 25. Qd4 Nd7 26. Rg3 Kh8 27. f5 Nge5
28. Qf4 Qf8 29. Rg7 Qxg7 30. Nxg7 Kxg7 31. Ne3 Rg8 32. Ng4 Nxg4 33. Qxg4+ Kh8
34. Qe4 Ne5 35. h3 Rg3 36. Qc2 Nf3+ 37. Kf2 Rxg2+ 0-1

[Event "XXII Weekend A"]
[Site "Robecchetto con Induno ITA"]
[Date "2011.12.28"]
[Round "3"]
[White "Angelini, Marco"]
[Black "Medici, Simone"]
[WhiteElo "2173"]
[BlackElo "2090"]
[Result "1/2-1/2"]
[PlyCount "24"]
[EventDate "2011.12.27"]

1. e4 c5 2. Nf3 Nc6 3. d4 cxd4 4. Nxd4 e5 5. Nb5 a6 6. Nd6+ Bxd6 7. Qxd6 Qf6 8.
Qd1 Nge7 9. Nc3 O-O 10. g3 d6 11. Bg2 Qg6 12. O-O f5 1/2-1/2

[Event "XXII Weekend A"]
[Site "Robecchetto con Induno ITA"]
[Date "2011.12.28"]
[Round "3"]
[White "Barlocco, Carlo"]
[Black "Corti, Corrado"]
[WhiteElo "2102"]
[BlackElo "2002"]
[Result "1-0"]
[PlyCount "77"]
[EventDate "2011.12.27"]

1. Nf3 d5 2. d4 Nf6 3. c4 e6 4. g3 Be7 5. Bg2 O-O 6. O-O Nbd7 7. Qc2 c6 8. b3
b6 9. Bb2 Bb7 10. Nc3 Rc8 11. Rfd1 Ba6 12. e4 dxc4 13. Ne5 Nxe5 14. dxe5 Nd7
15. Qe2 Qc7 16. f4 b5 17. bxc4 bxc4 18. Bc1 Nc5 19. Be3 Rcd8 20. Kh1 Rd3 21.
Rdc1 Rfd8 22. Nd1 Ra3 23. Rc2 Bb5 24. Nc3 Nd3 25. Bc1 Nxc1 26. Raxc1 Qa5 27.
Bf1 Bb4 28. Nb1 c3 29. Qf2 Ra4 30. Bxb5 cxb5 31. f5 exf5 32. exf5 Qa6 33. h4
Qc6+ 34. Qg2 Qe8 35. Qe2 Ba5 36. Nxc3 Ra3 37. Qxb5 Qxb5 38. Nxb5 Rxg3 39. Rc8
1-0

[Event "XXII Weekend A"]
[Site "Robecchetto con Induno ITA"]
[Date "2011.12.28"]
[Round "3"]
[White "Cocconcelli, Lorenzo"]
[Black "Giretti Kanev, Jasen"]
[WhiteElo "1900"]
[BlackElo "2199"]
[Result "1/2-1/2"]
[PlyCount "120"]
[EventDate "2011.12.27"]

1. d4 Nf6 2. Nf3 b6 3. g3 Bb7 4. Bg2 c5 5. dxc5 bxc5 6. c4 g6 7. Nc3 Bg7 8. O-O
O-O 9. Qc2 Nc6 10. a3 d6 11. e3 Rb8 12. Rb1 a5 13. Bd2 Qd7 14. Qa4 Rfd8 15. Nd5
Ne4 16. Rfd1 g5 17. Qc2 Qf5 18. Be1 e6 19. Nh4 gxh4 20. Bxe4 Qh5 21. Nf4 Qh6
22. Bc3 f5 23. Bxg7 Kxg7 24. Qc3+ Kf7 25. Bh1 hxg3 26. fxg3 Ne5 27. Bxb7 Rxb7
28. Kg2 a4 29. Rh1 Qg5 30. b3 Qg4 31. Rhf1 Rdb8 32. b4 h5 33. e4 h4 34. exf5
exf5 35. b5 hxg3 36. hxg3 Rg8 37. Rbe1 Nc6 38. Nd5 Nd4 39. Re3 Rh8 40. Nf4 Re8
41. Rxe8 Kxe8 42. Re1+ Re7 43. Rxe7+ Kxe7 44. Qe3+ Kd7 45. Kf2 Qd1 46. Nd5 Qc2+
47. Kg1 Qd1+ 48. Kf2 Qc2+ 49. Kg1 Qe2 50. Qxe2 Nxe2+ 51. Kf2 Nd4 52. Nc3 Nc2
53. Nxa4 Nxa3 54. Nb2 d5 55. cxd5 Nxb5 56. Nc4 Nd6 57. Ne3 c4 58. Kf3 c3 59.
Ke2 Ne4 60. Kd3 Nxg3 1/2-1/2

[Event "XXII Weekend A"]
[Site "Robecchetto con Induno ITA"]
[Date "2011.12.28"]
[Round "3"]
[White "Coppola, Federico"]
[Black "Razzano, Lorenzo"]
[WhiteElo "1858"]
[BlackElo "1964"]
[Result "1-0"]
[PlyCount "107"]
[EventDate "2011.12.27"]

1. e4 e5 2. Nf3 Nc6 3. Bb5 a6 4. Bxc6 dxc6 5. O-O Be6 6. Nc3 f6 7. d4 Bd6 8.
dxe5 fxe5 9. Nxe5 Qh4 10. Nf3 Qh5 11. e5 Be7 12. Nd4 Bg4 13. f3 Bc8 14. Re1 Nh6
15. Be3 O-O 16. Bf2 Nf5 17. Qe2 Nxd4 18. Bxd4 Be6 19. Rad1 g5 20. Ne4 Qg6 21.
Bc5 Bxc5+ 22. Nxc5 Bf5 23. Qc4+ Kg7 24. e6 g4 25. f4 Rae8 26. Rd7+ Kh6 27. Rxc7
b5 28. Qc3 Rf6 29. Nxa6 Rfxe6 30. Rxe6 Rxe6 31. Nb4 Be4 32. Qd2 Qf5 33. Qf2 Kh5
34. Rg7 h6 35. h3 Rg6 36. hxg4+ Qxg4 37. Rxg6 Kxg6 38. Nd3 Qd1+ 39. Ne1 Kf5 40.
c3 Qg4 41. g3 Qh5 42. Ng2 Qf7 43. Qc5+ Kg4 44. Kf2 Bxg2 45. Kxg2 Qxa2 46. Qf2
Qd5+ 47. Kh2 Qe6 48. Qg2 Qd6 49. Qe2+ Kf5 50. Kh3 Qf6 51. Qd3+ Ke6 52. Qe4+ Kf7
53. g4 c5 54. Qd5+ 1-0

[Event "XXII Weekend A"]
[Site "Robecchetto con Induno ITA"]
[Date "2011.12.28"]
[Round "3"]
[White "Curtacci, Sergio"]
[Black "Boschetti, Claudio"]
[WhiteElo "2026"]
[BlackElo "2110"]
[Result "1/2-1/2"]
[PlyCount "149"]
[EventDate "2011.12.27"]

1. d4 b5 2. Nf3 Bb7 3. Nbd2 Nf6 4. e3 a6 5. Bd3 e6 6. Qe2 c5 7. c3 Nc6 8. O-O
d6 9. e4 Be7 10. Re1 e5 11. d5 Nb8 12. Nf1 h5 13. b4 Nbd7 14. Ne3 g6 15. Bd2 h4
16. c4 cxb4 17. cxb5 a5 18. Nc4 Nc5 19. Bc2 h3 20. g3 Bc8 21. Rab1 Kf8 22. Bg5
Rh5 23. Bxf6 Bxf6 24. a3 bxa3 25. Nxa3 Kg7 26. Nc4 a4 27. Qe3 Bg4 28. Ra1 Be7
29. Ra3 Bd7 30. Rb1 Rb8 31. b6 Qc8 32. Rb4 Qa6 33. Nfd2 Rhh8 34. f4 f6 35. Bd1
Qc8 36. Bxa4 Bxa4 37. Raxa4 Nxa4 38. Rxa4 Ra8 39. Ra7 Rxa7 40. bxa7 Qd7 41. Na5
exf4 42. gxf4 Qg4+ 43. Qg3 Qd1+ 44. Nf1 Qd4+ 45. Qe3 Qb2 46. Qf2 Qxf2+ 47. Kxf2
Bd8 48. Nc6 Bb6+ 49. Kg3 Ra8 50. Kxh3 Bxa7 51. e5 fxe5 52. fxe5 dxe5 53. Nxe5
Bc5 54. Nc6 Ra3+ 55. Ng3 Rd3 56. Nd8 Rxd5 57. Ne6+ Kh6 58. Nf4 Rd1 59. Nfe2 Bd6
60. Nc3 Rd3 61. Nce4 Bxg3 62. hxg3 Ra3 63. Kg4 g5 64. Kf5 Ra5+ 65. Kg4 Kg6 66.
Kf3 Ra4 67. Nc5 g4+ 68. Ke3 Ra3+ 69. Kf4 Kh5 70. Ne4 Rf3+ 71. Ke5 Kg6 72. Ke6
Rf5 73. Nd6 Rf8 74. Ke5 Rf3 75. Ne4 1/2-1/2

[Event "XXII Weekend A"]
[Site "Robecchetto con Induno ITA"]
[Date "2011.12.28"]
[Round "3"]
[White "Faraoni, Enrico"]
[Black "Piazza, Angelo"]
[WhiteElo "2109"]
[BlackElo "1972"]
[Result "1-0"]
[PlyCount "89"]
[EventDate "2011.12.27"]

1. e4 Nf6 2. Qe2 e5 3. Nf3 Nc6 4. g3 Bc5 5. Bg2 d6 6. c3 O-O 7. d3 Bg4 8. Nbd2
Bb6 9. h3 Be6 10. Ng5 Bd7 11. Nc4 h6 12. Nf3 Be6 13. g4 Nh7 14. Bd2 Qf6 15. Ne3
Bxe3 16. fxe3 Rad8 17. O-O Qe7 18. c4 Rfe8 19. Rf2 a6 20. Raf1 b5 21. b3 bxc4
22. bxc4 Rb8 23. Bc3 Rb7 24. d4 exd4 25. exd4 Bd7 26. d5 Ne5 27. Nxe5 dxe5 28.
Rxf7 Qxf7 29. Rxf7 Kxf7 30. Qf3+ Kg8 31. Qg3 Rb1+ 32. Kh2 Rc1 33. Bxe5 Ng5 34.
h4 Nh7 35. Bc3 Rc2 36. Qd3 Rxa2 37. Kg3 Ra3 38. Qd4 Re7 39. e5 Be8 40. Bf3 Rb3
41. c5 Rb8 42. d6 cxd6 43. cxd6 Rd8 44. Bd5+ Kh8 45. dxe7 1-0

[Event "XXII Weekend A"]
[Site "Robecchetto con Induno ITA"]
[Date "2011.12.28"]
[Round "3"]
[White "Grattarola, Fabio"]
[Black "Raselli, Claudio"]
[WhiteElo "2037"]
[BlackElo "1895"]
[Result "1/2-1/2"]
[PlyCount "58"]
[EventDate "2011.12.27"]

1. d4 d5 2. Nf3 Nf6 3. Bf4 c5 4. e3 Qb6 5. Nc3 c4 6. Rb1 Bf5 7. Be2 e6 8. Nh4
Bg6 9. O-O Bd6 10. Bxd6 Qxd6 11. f4 O-O 12. Nxg6 hxg6 13. Qe1 Nc6 14. a3 a6 15.
Qh4 Qe7 16. Bf3 b5 17. g4 Ne8 18. g5 Nd6 19. Qf2 Nf5 20. Kg2 Qd6 21. h4 Nce7
22. Ne2 f6 23. Rh1 Kf7 24. c3 fxg5 25. hxg5 Rh8 26. Rbg1 Raf8 27. Bg4 Qd8 28.
Kf1 Rxh1 29. Rxh1 Rh8 1/2-1/2

[Event "XXII Weekend A"]
[Site "Robecchetto con Induno ITA"]
[Date "2011.12.28"]
[Round "3"]
[White "Lucchese, Paolo"]
[Black "Di Chiara, Mauro"]
[WhiteElo "1924"]
[BlackElo "1980"]
[Result "1/2-1/2"]
[PlyCount "77"]
[EventDate "2011.12.27"]

1. e4 d6 2. d4 Nf6 3. Nc3 g6 4. Nge2 Bg7 5. g3 O-O 6. Bg2 Nc6 7. h3 e5 8. Be3
Bd7 9. Qd2 exd4 10. Nxd4 Ne5 11. b3 Re8 12. f4 Nc6 13. O-O-O Nxd4 14. Bxd4 Bc6
15. Rhe1 Nh5 16. Bxg7 Kxg7 17. g4 Nf6 18. Qd4 Kg8 19. Bf3 Nd7 20. Nd5 Bxd5 21.
exd5 Qf6 22. Qxf6 Nxf6 23. c4 b6 24. Kc2 a5 25. Kd3 Kf8 26. Kd4 Nd7 27. Be4 Nc5
28. Bc2 f6 29. h4 Rxe1 30. Rxe1 Re8 31. Rxe8+ Kxe8 32. a3 Kf7 33. b4 axb4 34.
axb4 Na6 35. Kc3 h6 36. h5 g5 37. f5 Nb8 38. Ba4 Ke7 39. Bb5 1/2-1/2

[Event "XXII Weekend A"]
[Site "Robecchetto con Induno ITA"]
[Date "2011.12.28"]
[Round "3"]
[White "Morandi, Daniele"]
[Black "Bargeri, Ludovico"]
[WhiteElo "1939"]
[BlackElo "1909"]
[Result "0-1"]
[PlyCount "70"]
[EventDate "2011.12.27"]

1. e4 e6 2. d4 d5 3. Nd2 Nf6 4. e5 Nfd7 5. Bd3 c5 6. c3 Nc6 7. Ne2 cxd4 8. cxd4
f6 9. exf6 Nxf6 10. Nf3 Bd6 11. Bg5 O-O 12. Bh4 Qb6 13. O-O Qxb2 14. Rb1 Qa3
15. Rb3 Qa5 16. Nc3 a6 17. Bb1 Qc7 18. Qd3 g6 19. Rc1 Qg7 20. Qd2 Na5 21. Nxd5
Nxb3 22. Nxf6+ Rxf6 23. Bxf6 Nxd2 24. Bxg7 Nxf3+ 25. gxf3 Kxg7 26. Be4 Rb8 27.
Kf1 Bxh2 28. Ke2 b5 29. Ke3 Bd6 30. Rc6 Be7 31. Rc7 Kf8 32. f4 a5 33. d5 exd5
34. Bxd5 Bf5 35. Ra7 Bc5+ 0-1

[Event "XXII Weekend A"]
[Site "Robecchetto con Induno ITA"]
[Date "2011.12.28"]
[Round "3"]
[White "Rambaldi, Francesco"]
[Black "Gonella, Daniele"]
[WhiteElo "2211"]
[BlackElo "2103"]
[Result "1/2-1/2"]
[PlyCount "39"]
[EventDate "2011.12.27"]

1. d4 d5 2. c4 e6 3. Nc3 Nf6 4. cxd5 exd5 5. Bg5 c6 6. Qc2 Be7 7. e3 h6 8. Bh4
O-O 9. Bd3 Nbd7 10. Nge2 b6 11. O-O Bb7 12. Rad1 Re8 13. Qb1 a6 14. a3 c5 15.
Bc2 c4 16. f3 b5 17. Bf2 Bc6 18. e4 Nb6 19. e5 Nfd7 20. Nf4 1/2-1/2

[Event "XXII Weekend A"]
[Site "Robecchetto con Induno ITA"]
[Date "2011.12.28"]
[Round "3"]
[White "Ranfagni, Stefano"]
[Black "Guzzetti, Luigi Enrico"]
[WhiteElo "1998"]
[BlackElo "1928"]
[Result "0-1"]
[PlyCount "86"]
[EventDate "2011.12.27"]

1. e4 c5 2. Nc3 e6 3. g3 Nc6 4. Bg2 Nf6 5. d3 Be7 6. Be3 O-O 7. h3 Rb8 8. f4 d5
9. Nce2 dxe4 10. dxe4 Qa5+ 11. Qd2 Qb6 12. c3 Rd8 13. Qc2 e5 14. f5 Qc7 15. Nf3
b5 16. O-O a5 17. Rfd1 Ba6 18. g4 h6 19. Ng3 c4 20. a3 Nd7 21. Qf2 a4 22. h4
Na5 23. g5 hxg5 24. hxg5 Bc5 25. Nh5 Nb3 26. Bxc5 Qxc5 27. Qxc5 Ndxc5 28. Rab1
Nd3 29. Ng3 f6 30. g6 Bb7 31. Kf1 Nbc5 32. Ne1 Nf4 33. Bf3 Nb3 34. Kf2 Nd2 35.
Rbc1 Rd7 36. Ke3 Rbd8 37. Rc2 Nf1+ 38. Nxf1 Rxd1 39. Bxd1 Rxd1 40. Rd2 Rxe1+
41. Kf2 Nd3+ 42. Rxd3 Rxf1+ 43. Kxf1 cxd3 0-1

[Event "XXII Weekend A"]
[Site "Robecchetto con Induno ITA"]
[Date "2011.12.28"]
[Round "3"]
[White "Sibille, Ettore"]
[Black "Baroni, Alessandro"]
[WhiteElo "2042"]
[BlackElo "1932"]
[Result "0-1"]
[PlyCount "60"]
[EventDate "2011.12.27"]

1. e4 e6 2. d3 d5 3. Nd2 c5 4. Ngf3 Nc6 5. g3 Nf6 6. Bg2 Be7 7. O-O b6 8. Re1
O-O 9. e5 Nd7 10. Nf1 Qc7 11. Bf4 Ba6 12. c3 b5 13. h4 b4 14. N1h2 Rfd8 15. Ng4
Qa5 16. Qd2 bxc3 17. bxc3 Rab8 18. Rab1 Rb6 19. Rxb6 Nxb6 20. Bh6 Na4 21. Bxg7
Qxc3 22. Nf6+ Bxf6 23. Bxf6 Qxd2 24. Nxd2 Rb8 25. Bf1 Rb2 26. Nf3 Rxa2 27. Rc1
Nb4 28. Be7 Rc2 29. Ra1 Ra2 30. Rc1 Bxd3 0-1

[Event "XXII Weekend A"]
[Site "Robecchetto con Induno ITA"]
[Date "2011.12.28"]
[Round "3"]
[White "Siclari, Giovanni"]
[Black "Moroni, Luca jr"]
[WhiteElo "1934"]
[BlackElo "2030"]
[Result "1/2-1/2"]
[PlyCount "93"]
[EventDate "2011.12.27"]

1. f4 d5 2. Nf3 c5 3. d3 Nc6 4. g3 Nf6 5. Bg2 g6 6. O-O Bg7 7. Qe1 O-O 8. e4
dxe4 9. dxe4 e5 10. c3 Re8 11. f5 gxf5 12. Nh4 Nxe4 13. Nxf5 Bxf5 14. Bxe4 Bxe4
15. Qxe4 Qe7 16. Rf5 Qe6 17. Bg5 Ne7 18. Bxe7 Rxe7 19. Nd2 Rd8 20. Nc4 Red7 21.
b3 Rd1+ 22. Rxd1 Rxd1+ 23. Rf1 Qd5 24. Qxd5 Rxd5 25. Nb2 e4 26. Rd1 Rxd1+ 27.
Nxd1 Bh6 28. g4 Kg7 29. Kf2 Kf6 30. h4 Bf4 31. c4 Ke5 32. Nc3 f5 33. g5 h6 34.
g6 Kf6 35. Nd5+ Kxg6 36. Nxf4+ Kf6 37. Ke3 Ke5 38. Ng2 a6 39. a4 a5 40. Nf4 Kf6
41. Nd5+ Ke5 42. Nf4 Kf6 43. h5 b6 44. Ng6 Kg5 45. Ne7 Kf6 46. Nd5+ Ke5 47. Nf4
1/2-1/2

[Event "XXII Weekend A"]
[Site "Robecchetto con Induno ITA"]
[Date "2011.12.28"]
[Round "3"]
[White "Vogel, Joerg"]
[Black "Bianchi, Alberto"]
[WhiteElo "2047"]
[BlackElo "2017"]
[Result "1-0"]
[PlyCount "115"]
[EventDate "2011.12.27"]

1. d4 d5 2. c4 e6 3. Nc3 Be7 4. Nf3 Nf6 5. Bg5 O-O 6. e3 Nbd7 7. Qc2 c6 8. Rd1
Nh5 9. Bxe7 Qxe7 10. Bd3 Nhf6 11. O-O dxc4 12. Bxc4 Nb6 13. Bd3 Nbd5 14. a3 g6
15. Rfe1 Nxc3 16. Qxc3 Nd5 17. Qc1 Kg7 18. e4 Nb6 19. d5 cxd5 20. exd5 Nxd5 21.
Bxg6 hxg6 22. Rxd5 b6 23. Qd2 Ba6 24. Rd7 Qf6 25. Ne5 Bb5 26. Rc7 Rad8 27. Qc3
a6 28. h3 Kg8 29. b3 Rd5 30. a4 Be8 31. Ra7 a5 32. Qe3 g5 33. Ra6 b5 34. axb5
Rxb5 35. Nc4 Qd8 36. Ra1 f6 37. Rxe6 Bf7 38. Ra6 Re8 39. Qc3 Kg7 40. R6xa5 Rxa5
41. Rxa5 Kg8 42. Ra6 Kg7 43. Ne3 Re5 44. b4 Be6 45. Ra7+ Bf7 46. Ra5 Qb8 47.
Rxe5 fxe5 48. Ng4 Qd8 49. Qxe5+ Kg6 50. Ne3 Ba2 51. Qf5+ Kg7 52. b5 Kh6 53.
Ng4+ Kg7 54. Ne5 Qd1+ 55. Kh2 Qc1 56. b6 Bb1 57. Qf7+ Kh8 58. b7 1-0

[Event "XXII Weekend A"]
[Site "Robecchetto con Induno ITA"]
[Date "2011.12.29"]
[Round "4"]
[White "Bargeri, Ludovico"]
[Black "Vogel, Joerg"]
[WhiteElo "1909"]
[BlackElo "2047"]
[Result "0-1"]
[PlyCount "108"]
[EventDate "2011.12.27"]

1. d4 Nf6 2. c4 g6 3. g3 Bg7 4. Bg2 d6 5. Nf3 O-O 6. O-O Nc6 7. Nc3 Na5 8. Nd2
c5 9. d5 a6 10. Qc2 Rb8 11. a4 Bd7 12. e4 Ng4 13. h3 Ne5 14. Nb3 Nexc4 15. Nxa5
Nxa5 16. f4 b5 17. axb5 axb5 18. f5 Nc4 19. Ne2 Ra8 20. Rxa8 Qxa8 21. b3 Ne5
22. Nf4 Qa7 23. Qe2 b4 24. g4 Qb7 25. Rd1 Bb5 26. Qf2 h6 27. fxg6 fxg6 28. Qg3
Bd7 29. Be3 Qc8 30. Bf1 Kh7 31. Be2 Bh8 32. Kh1 g5 33. Nh5 Ng6 34. Bd3 Be5 35.
Qg1 Rf7 36. Ng3 Bxg3 37. Qxg3 Ne5 38. Rf1 Qf8 39. Rxf7+ Qxf7 40. Be2 Qg6 41.
Qg2 Qf6 42. Qf2 Qxf2 43. Bxf2 Be8 44. Bg3 Bg6 45. Bxe5 Bxe4+ 46. Kg1 dxe5 47.
Bc4 Kg7 48. Kf2 Kf6 49. Kg3 Bc2 50. Kf3 e4+ 51. Ke3 Ke5 52. Kd2 Bd3 53. Bxd3
exd3 54. Kxd3 Kxd5 0-1

[Event "XXII Weekend A"]
[Site "Robecchetto con Induno ITA"]
[Date "2011.12.29"]
[Round "4"]
[White "Bianchi, Alberto"]
[Black "Lucchese, Paolo"]
[WhiteElo "2017"]
[BlackElo "1924"]
[Result "0-1"]
[PlyCount "120"]
[EventDate "2011.12.27"]

1. e4 c5 2. Nf3 d6 3. d4 cxd4 4. Nxd4 Nf6 5. Nc3 g6 6. Be3 Bg7 7. Qd2 Ng4 8.
Bb5+ Bd7 9. Bxd7+ Qxd7 10. Bg5 h6 11. Bh4 Nc6 12. Nde2 Nce5 13. O-O-O Nc4 14.
Qd5 Rc8 15. e5 Ngxe5 16. Qb5 Qxb5 17. Nxb5 Nxb2 18. Kxb2 Nf3+ 19. c3 Nxh4 20.
g3 Nf3 21. Nxa7 Rc5 22. a4 Ra5 23. Nc8 Ra6 24. a5 Rxa5 25. Ra1 Rb5+ 26. Kc2 Kd7
27. Na7 Rc5 28. Rhb1 Rb8 29. Nb5 Nxh2 30. Rb3 Ng4 31. f4 h5 32. Rab1 Ne3+ 33.
Kd3 Nd5 34. c4 Nc7 35. Nbd4 e5 36. fxe5 dxe5 37. Nf3 f5 38. Nh4 e4+ 39. Ke3
Bh6+ 40. Kf2 Rc6 41. Rxb7 Rxb7 42. Rxb7 Bg5 43. Nf4 Bxf4 44. gxf4 Ke7 45. Ke3
Kf6 46. Rb4 Ne6 47. Ra4 Rb6 48. Ra3 Rb2 49. Ra6 Rb3+ 50. Kd2 g5 51. fxg5+ Kxg5
52. Rxe6 Kxh4 53. c5 Rd3+ 54. Ke2 Rc3 55. c6 Kg4 56. Kd2 Rc4 57. Rg6+ Kf4 58.
Ke2 h4 59. Kf2 Rc2+ 60. Kg1 Kf3 0-1

[Event "XXII Weekend A"]
[Site "Robecchetto con Induno ITA"]
[Date "2011.12.29"]
[Round "4"]
[White "Boschetti, Claudio"]
[Black "Grattarola, Fabio"]
[WhiteElo "2110"]
[BlackElo "2037"]
[Result "0-1"]
[PlyCount "72"]
[EventDate "2011.12.27"]

1. e4 d5 2. exd5 Qxd5 3. Nc3 Qa5 4. d4 c6 5. Nf3 Bf5 6. Bc4 e6 7. Ne5 Nf6 8.
Bd2 Nbd7 9. Qe2 Nxe5 10. dxe5 Nd7 11. Nd5 Qd8 12. Ne3 Bg6 13. f4 Bc5 14. O-O-O
Qc7 15. g4 Be4 16. Rhe1 Bd5 17. Nxd5 cxd5 18. Bd3 O-O-O 19. Kb1 Kb8 20. c4 d4
21. b4 Be7 22. Ka1 Nb6 23. Rb1 Ka8 24. Rec1 Rc8 25. Rb3 Rhd8 26. Qe4 Qc6 27.
Qe2 Qd7 28. c5 Nd5 29. Qe4 Nc3 30. Bxc3 dxc3 31. Rbxc3 Qd4 32. Qf3 a5 33. bxa5
Rxc5 34. a6 Rd7 35. Be4 Rdc7 36. axb7+ Kb8 0-1

[Event "XXII Weekend A"]
[Site "Robecchetto con Induno ITA"]
[Date "2011.12.29"]
[Round "4"]
[White "Corti, Corrado"]
[Black "Morandi, Daniele"]
[WhiteElo "2002"]
[BlackElo "1939"]
[Result "1/2-1/2"]
[PlyCount "112"]
[EventDate "2011.12.27"]

1. d4 Nf6 2. g3 g6 3. Bg2 Bg7 4. e4 d6 5. Ne2 O-O 6. O-O e5 7. d5 Nbd7 8. c4
Nc5 9. b4 Ncd7 10. Bb2 a5 11. a3 Nb6 12. Nd2 Bg4 13. h3 Bc8 14. Qc2 Nh5 15.
Rac1 axb4 16. axb4 Bd7 17. c5 Na4 18. Ba1 Bb5 19. Rfe1 Bh6 20. Rb1 f5 21. Nc3
Nxc3 22. Qxc3 f4 23. g4 Nf6 24. Nf3 Ne8 25. Kh2 Bg7 26. Rg1 Be2 27. Rbe1 Bxf3
28. Bxf3 Qh4 29. Rg2 g5 30. Be2 Qh6 31. f3 Qg6 32. Bf1 h5 33. Rf2 hxg4 34. fxg4
Qh6 35. Qf3 Nf6 36. Kg2 Qh4 37. Rfe2 Nxd5 38. exd5 e4 39. Rxe4 Bxa1 40. Re7
Ra2+ 41. R1e2 Rxe2+ 42. Bxe2 Bd4 43. Bd3 Be3 44. Bh7+ Kh8 45. Rxe3 Qxh7 46. Re4
dxc5 47. bxc5 Qg7 48. Kf2 Kh7 49. Qd3 Kh6 50. Re6+ Rf6 51. Qf5 Rxe6 52. Qxe6+
Kh7 53. Qf5+ Kh6 54. Qe6+ Kh7 55. Qf5+ Kh6 56. Qe6+ Kh7 1/2-1/2

[Event "XXII Weekend A"]
[Site "Robecchetto con Induno ITA"]
[Date "2011.12.29"]
[Round "4"]
[White "Di Chiara, Mauro"]
[Black "Barlocco, Carlo"]
[WhiteElo "1980"]
[BlackElo "2102"]
[Result "0-1"]
[PlyCount "78"]
[EventDate "2011.12.27"]

1. Nf3 d5 2. d4 Nf6 3. c4 e6 4. Nc3 Nbd7 5. e3 Be7 6. Bd3 b6 7. e4 dxe4 8. Nxe4
Bb7 9. Nxf6+ Nxf6 10. O-O O-O 11. Ne5 c5 12. Be3 Qc7 13. Ng4 Qc6 14. Nxf6+ Bxf6
15. Qg4 Bxd4 16. Bxd4 cxd4 17. f4 f5 18. Qe2 Rae8 19. Rf2 Qd6 20. Re1 Re7 21.
Qe5 Qxe5 22. Rxe5 Kf7 23. Rfe2 g6 24. c5 Bd5 25. cxb6 axb6 26. a3 Rc8 27. Rd2
Kf6 28. h4 h6 29. Ba6 Rc1+ 30. Kf2 g5 31. Rxd4 gxf4 32. Rexd5 exd5 33. Rb4 Re6
34. Rxf4 Rc2+ 35. Kf3 Re4 36. Bb7 Rxf4+ 37. Kxf4 Rxg2 38. b3 Rg4+ 39. Kf3 Ke5
0-1

[Event "XXII Weekend A"]
[Site "Robecchetto con Induno ITA"]
[Date "2011.12.29"]
[Round "4"]
[White "Giretti Kanev, Jasen"]
[Black "Baroni, Alessandro"]
[WhiteElo "2199"]
[BlackElo "1932"]
[Result "1-0"]
[PlyCount "47"]
[EventDate "2011.12.27"]

1. c4 e6 2. Nf3 Nf6 3. g3 d5 4. Bg2 Be7 5. O-O O-O 6. d4 c6 7. Nc3 Nbd7 8. Qc2
Re8 9. c5 Bf8 10. Bf4 g6 11. b4 Nh5 12. e3 f6 13. h4 Nxf4 14. exf4 e5 15. h5 e4
16. hxg6 hxg6 17. Nh4 Kf7 18. f5 g5 19. Ng6 Bg7 20. Nxe4 Bf8 21. Nc3 Bg7 22.
Qd1 Nf8 23. Qh5 Bxf5 24. Nh4+ 1-0

[Event "XXII Weekend A"]
[Site "Robecchetto con Induno ITA"]
[Date "2011.12.29"]
[Round "4"]
[White "Gonella, Daniele"]
[Black "Angelini, Marco"]
[WhiteElo "2103"]
[BlackElo "2173"]
[Result "1/2-1/2"]
[PlyCount "141"]
[EventDate "2011.12.27"]

1. e4 c5 2. Nf3 d6 3. d4 cxd4 4. Qxd4 Nf6 5. e5 dxe5 6. Qxd8+ Kxd8 7. Nxe5 Ke8
8. Nc3 a6 9. Bc4 e6 10. Be2 Nfd7 11. Nc4 Nc6 12. Ne4 Be7 13. c3 h6 14. Be3 b5
15. Ncd6+ Kf8 16. Rd1 Nf6 17. Nxc8 Rxc8 18. Nxf6 Bxf6 19. O-O g6 20. a4 bxa4
21. Ra1 Rb8 22. Rfb1 a5 23. Rxa4 Kg7 24. b4 Bxc3 25. Rc1 axb4 26. Bc5 b3 27.
Ba3 b2 28. Bxb2 Rxb2 29. Rxc3 Rxe2 30. Kf1 Rb2 31. Rxc6 Rd8 32. g3 Rd5 33. Rf4
Rf5 34. Rxf5 gxf5 35. Kg2 e5 36. Rc5 f6 37. h4 Kg6 38. Kf3 e4+ 39. Ke3 Rb3+ 40.
Ke2 Rf3 41. Ra5 Kh5 42. Ra6 Kg6 43. Ra5 Rb3 44. Rc5 h5 45. Ra5 f4 46. gxf4 Rf3
47. Ra4 Rxf4 48. Ke3 Rxh4 49. f3 Kg5 50. fxe4 f5 51. Ra5 Rxe4+ 52. Kf3 Rb4 53.
Ra3 h4 54. Rc3 Rb2 55. Rc8 Rb3+ 56. Kg2 h3+ 57. Kh2 f4 58. Rh8 Kg4 59. Rg8+ Kf3
60. Rh8 Ke3 61. Kxh3 Ke2+ 62. Kg2 f3+ 63. Kg3 Re3 64. Kh2 Kf1 65. Ra8 Re2+ 66.
Kh1 Kf2 67. Kh2 Rd2 68. Ra7 Ke1+ 69. Kg3 f2 70. Ra1+ Ke2 71. Kg2 1/2-1/2